|
|
|
|
| LEADER |
00000nam0a2200000 4500 |
| 001 |
263894 |
| 005 |
20231101233800.0 |
| 035 |
|
|
|a (RuTPU)RU\TPU\book\286885
|
| 090 |
|
|
|a 263894
|
| 100 |
|
|
|a 20140614d1988 m y0rusy50 ca
|
| 101 |
0 |
|
|a rus
|
| 102 |
|
|
|a RU
|
| 105 |
|
|
|a y z 001zy
|
| 200 |
1 |
|
|a Индия 1987
|e ежегодник
|f Академия наук СССР (АН СССР), Институт востоковедения (ИВ) ; под ред. П. В. Куцобина
|
| 210 |
|
|
|a Москва
|c Наука
|d 1988
|
| 215 |
|
|
|a 375 с.
|
| 320 |
|
|
|a Библиогр. в тексте.
|
| 606 |
1 |
|
|a Индия
|x Экономика
|2 stltpush
|3 (RuTPU)RU\TPU\subj\36171
|9 57642
|
| 606 |
1 |
|
|a Азиатские зарубежные государства
|x Политическое положение
|2 stltpush
|3 (RuTPU)RU\TPU\subj\1571
|9 30328
|
| 610 |
1 |
|
|a экономика
|
| 610 |
1 |
|
|a политика
|
| 610 |
1 |
|
|a население
|
| 610 |
1 |
|
|a ресурсы
|
| 610 |
1 |
|
|a идеология
|
| 610 |
1 |
|
|a социология
|
| 610 |
1 |
|
|a история
|
| 610 |
1 |
|
|a культура
|
| 610 |
1 |
|
|a ежегодники
|
| 686 |
|
|
|a Ф2(5Инд)
|v LBC/SL-A
|2 rubbk
|
| 686 |
|
|
|a У9(5Инд)
|v LBC/SL-A
|2 rubbk
|
| 702 |
|
1 |
|a Куцобин
|b П. В.
|4 340
|
| 712 |
0 |
2 |
|a Академия наук СССР (АН СССР)
|b Институт востоковедения (ИВ)
|c (Москва)
|2 stltpush
|3 (RuTPU)RU\TPU\col\11263
|
| 801 |
|
1 |
|a RU
|b 63413507
|c 20140614
|
| 801 |
|
2 |
|a RU
|b 63413507
|c 20150319
|g RCR
|
| 942 |
|
|
|c BK
|